|
|
|
|
| LEADER |
00000nab a2200000uu 4500 |
| 001 |
vtls011436576 |
| 003 |
SK-MaSNL |
| 005 |
20260303145933.0 |
| 008 |
230222| xo |||||||||||||||||cze| |
| 015 |
|
|
|a SNBRB
|
| 035 |
|
|
|a (urnnbn)urn:nbn:sk:snk:ar-002g2x
|
| 035 |
|
|
|a (uuid)ce2cb3de-5dec-48ae-ad0b-5e3f0d3b21d2
|
| 035 |
|
|
|a urn:nbn:sk:snk-abcbxj
|
| 040 |
|
|
|a SNKBUCL
|b slo
|c SNKBUCL
|e AACR2
|
| 041 |
0 |
|
|a cze
|
| 044 |
|
|
|a xo
|c SK
|
| 100 |
1 |
|
|a Kostková, Květa
|4 aut
|9 1168806
|
| 245 |
1 |
0 |
|a O spolupráci jeslí s mateřskou školou
|c Květa Kostková
|
| 773 |
0 |
|
|t Predškolská výchova : pedagogický časopis pre učiteľky materských škôl
|g Roč. 17, č. 7 (1962-1963), s. 252-253
|
| 958 |
|
|
|a OND
|
| 958 |
|
|
|a EUIPO
|
| 958 |
|
|
|a article16
|
| 999 |
|
|
|c 2006383
|d 2008313
|